Szczegóły MARC21

Pedagogika specjalna. T. 1, Podstawowe problemy teorii i praktyki /

003 -Nazwa inst., której nr kontr. jest w polu 001 [,]
    • @
    • Nazwa instytucji, której n kontrolny jest w polu 001
    • NUKAT
005 -DATA I CZAS OSTATNIEJ MODYFIKACJI [,]
    • @
    • pole kontrolne
    • 20241231105713.0
020 -Międzynarod. znormalizowany nr książki - ISBN [ , ]
    • a
    • Numer ISBN
    • 830400318X Find
040 -Instytucja sporządzająca opis [ , ]
    • a
    • Instytucja, która sporządziła opis (NP)
    • TOR U/UD
    • c
    • Instytucja, która sporządziła rekord (NP)
    • TOR U/GS
    • d
    • Instytucja, która zmodyfikowała rekord (P)
    • TOR U/AP
    • d
    • Instytucja, która zmodyfikowała rekord (P)
    • KR 119/SKs
    • d
    • Instytucja, która zmodyfikowała rekord (P)
    • GD 27/MDUs
942 -Rodzaj dokumentu [ , ]
    • c
    • Rodzaj dokumentu
    • Książka
100 -Hasło główne - nazwa osobowa [1, ]
    • a
    • Nazwa osobowa (NP)
    • Doroszewska, Janina
    • d
    • Daty biograficzne (NP)
    • (1900-1979).
    • 9
    • KHW
    • 18103
245 -Strefa tytułu i oznaczenia odpowiedzialności [1,0]
    • a
    • Tytuł
    • Pedagogika specjalna. Find
    • n
    • Oznaczenie części (P)
    • T. 1,
    • n
    • Oznaczenie części (P)
    • Podstawowe problemy teorii i praktyki /
    • c
    • Pozostałe elementy strefy tytułu i oznaczenia odpowiedzialności (NP)
    • Janina Doroszewska.
246 -Wariant tytułu [3,0]
    • a
    • Tytuł (NP)
    • Podstawowe problemy teorii i praktyki
250 -Strefa wydania [ , ]
    • a
    • Oznaczenie wydania (NP)
    • Wyd. 2 uzup.
260 -Strefa adresu wydawniczego [ , ]
    • a
    • Miejsce wydania (P)
    • Wrocław :
    • b
    • Nazwa wydawcy (P)
    • Zakład Narodowy im. Ossolińskich,
    • c
    • Data wydania (P)
    • 1989.
300 -Strefa opisu fizycznego [ , ]
    • a
    • Określenie formy książki i/lub objętość (NP)
    • 714, [1] s. :
    • b
    • Oznaczenie ilustracji (NP)
    • il., fot. ;
    • c
    • Format (NP)
    • 25 cm.
336 -Typ zawartości [ , ]
    • a
    • Termin opisujący typ zawartości
    • Tekst
    • b
    • Kod określający zawartość
    • txt
    • 2
    • Źródło (terminu i kodu)
    • rdacontent
337 -Typ mediów [ , ]
    • a
    • Tryb odtwarzania
    • Bez urządzenia pośredniczącego
    • b
    • Kod typu mediów
    • n
    • 2
    • Źródło (terminu i kodu)
    • rdamedia
338 -Typ/rodzaj nośnika [ , ]
    • a
    • Hasło opisujące typ nośnika
    • Wolumin
    • b
    • Kod typu nośnika
    • nc
    • 2
    • Źródło (terminu i kodu)
    • rdacarrier
536 -Uwaga dot. finansowania książki [ , ]
    • a
    • Tekst uwagi
    • Publikacja dotowana przez Ministerstwo Edukacji Narodowej
080 -Uniwersalna Klasyfikacja Dziesiętna [ , ]
    • a
    • Symbol klasyfikacji
    • 376
    • 9
    • UKD
    • 3914
    • 2
    • Identyfikator wydania tablic
    • UDC-P058
    • b
    • Dopowiedzenie
    • Wychowanie, kształcenie i nauczanie specjalnych kategorii osób. Szkolnictwo specjalne. Rewalidacja.
650 -Hasło przedmiotowe [ ,7]
    • a
    • Hasło przedmiotowe
    • Pedagogika specjalna
    • v
    • Określnik formalny
    • podręczniki akademickie.
    • 2
    • Źródło terminu
    • kaba
    • 9
    • KHW
    • 361135
980 -Symbol UKD [ , ]
    • a
    • UKD
    • 376
710 -Hasło dodatkowe - nazwa ciała zbiorowego [2, ]
    • a
    • Nazwa ciała zbiorowego lub nazwa geograficzna jako pierwszy element (NP)
    • Zakład Narodowy im. Ossolińskich.
    • b
    • Nazwa jednostki podrzędnej (P)
    • Wydawnictwo.
    • 4
    • Kod relacji
    • pbl
    • 9
    • KHW
    • 54188
920 -ISBN [ , ]
    • a
    • ISBN
    • 83-04-00318-X Find
Sygnatura Numer inwentarzowy Status udost. Data inwentaryzacji Lokalizacja
Z.78544Z.7854411998-05-18BG
 W.170089-51998-05-18BG
W.170089W.170091-51998-05-18BG
W.170089W.170093-51998-05-18BG
W.170089W.170095-51998-05-18BG
W.170089W.170097-51998-05-18BG
W.170089W.170099-51998-05-18BG
W.170089W.170707-51998-05-18BG
W.170089W.170709-51998-05-18BG
W.170089W.170711-51998-05-18BG
W.170089W.170713-51998-05-18BG
W.170089W.17071521998-05-18BG
W.170089W.170717-61998-05-18BG
W.170089W.17071921998-05-18BG
W.170089W.17072121998-05-18BG
 W.179899-61998-05-18BG
Z.78544Z.9275511998-11-18BG
 F.2217911998-05-18BNS
 Pd.4989-31998-05-18BNS
BWTeologiiPd.498421998-05-18TH